000 00333nam a2200133Ia 4500
005 20260328101458.0
008 260328s9999||||xx |||||||||||||| ||und||
100 _aCampana, Cristobal
245 0 _aLa Vivienda Mochica /
_cCristobal Campana
260 _bVarese
300 _a71 p.
650 _aARQUITECTURA PRECOLOMBINA
942 _cBK
999 _c8900
_d8900